000 00750nam a22001337a 4500
040 _cRUA
082 _aAGR SOK 2000 B026 Or.1
100 _aSOK, CHEA.
245 _aStudy on farmer rice seeds and chemical fertilizer use under intergrated food security program kompot provice ការសិក្សាការប្រើប្រាស់ពូជស្រូវ​ និងជីគីមីរបស់កសិករក្រោមកម្មវិធីចំរុះដើម្បីសុវត្ថិភាពស្បៀង ខេត្តកំពត
260 _aPhnomPenh
_bRUA
_c2000
300 _a55p.
_bill.
_c29cm.
856 _uhttps://drive.google.com/file/d/1tM1K7IYMGf7ZSJUAFvyr-6Vm2Vdep7Cy/view?usp=sharing
942 _cAGR
999 _c445
_d445